Manual ejecutivo tributario: declaraciones de impuestos anuales a la renta año tributario 2015

Uloženo v:
Podrobná bibliografie
Hlavní autoři: Salort Salort, Vicente E (Autor), Sellao M., Omar (Autor), Pérez B., Ximena (Autor), Camposano M., Ricardo (Autor)
Médium: Kniha
Jazyk:španělština
Vydáno: Santiago Edig 2015
Vydání:1a. ed
Témata:
Tagy: Přidat tag
Žádné tagy, Buďte první, kdo vytvoří štítek k tomuto záznamu!

MARC

LEADER 00000cam a2200000 a 4500
001 UCE6746
003 CL-VaPUC
008 150430e20150300cl |||||||||||||||||spa|d
082 0 4 |a 343.8304  |b SAL  |2 21 
100 0 |a Salort Salort, Vicente E  |e author  |9 579341 
700 0 |a Sellao M., Omar  |e author  |9 579342 
700 0 |a Pérez B., Ximena  |e author  |9 579343 
700 0 |a Camposano M., Ricardo  |e author  |9 579344 
245 1 0 |a Manual ejecutivo tributario: declaraciones de impuestos anuales a la renta año tributario 2015 
250 |a 1a. ed 
300 |a 802 p 
942 |c BK 
945 |d 20150430 00:23:00  |a arojas 
260 |a Santiago  |b Edig  |c 2015 
500 |a Año II Marzo 2015, volumen 21 
650 0 |a Impuestos  |9 255450 
650 0 |a Derecho tributario  |9 258895 
650 0 |a Código tributario  |9 350428 
651 7 |a CHILE  |2 CL-VaPUC  |9 579345 
583 |a last modification  |c 20170804 09:46:46  |k Rodrigo Vera 
999 |c 358942  |d 358940 
952 |0 0  |1 0  |3 erb  |4 0  |6 343_830400000000000_SAL_2015  |7 0  |8 R  |9 467911  |a BIBGIM  |b BIBGIM  |i 5147611  |o 343.8304 SAL 2015  |p 5147611  |r 2025-01-15  |w 2019-11-23  |y BK_R  |z Catalogado en:20150430  |k COM 
952 |0 0  |1 0  |3 erb  |4 0  |6 343_830400000000000_SAL_2015  |7 0  |8 R  |9 467912  |a BIBGIM  |b BIBGIM  |i 514762K  |o 343.8304 SAL 2015  |p 514762K  |r 2025-01-15  |w 2019-11-23  |y BK_R  |z Catalogado en:20150430  |k COM 
952 |0 0  |1 0  |3 erb  |4 0  |6 343_830400000000000_SAL_2015  |7 0  |8 R  |9 467913  |a BIBGIM  |b BIBGIM  |i 5147638  |o 343.8304 SAL 2015  |p 5147638  |r 2025-01-15  |w 2019-11-23  |y BK_R  |z Catalogado en:20150430  |k COM